The structure of fields /

Guardado en:
Autor Principal: Winter, David J.
Formato: Libro
Idioma:English
Publicado: New York : Springer-Verlag, c1974.
Series:Graduate texts in mathematics ; 16
Materias:
Etiquetas: Agregar Etiqueta
Sin Etiquetas, Sea el primero en etiquetar este registro!
LEADER 00676cam a2200229 a 4500
001 MAT.inmabb004295
008 731210s1974####nyu######b####001#0#eng##
005 20130226180420.0
245 1 4 |a The structure of fields /  |c David Winter. 
260 |a New York :  |b Springer-Verlag,  |c c1974. 
300 |a xii, 205 p. ;  |c 24 cm. 
440 0 |a Graduate texts in mathematics ;  |v 16 
504 |a Bibliografía: p. 197-198. 
510 4 |a MR,  |c 52 #10703 
020 |a 0387900748 
100 1 |a Winter, David J. 
650 0 |a Algebraic fields. 
650 0 |a Galois theory. 
084 |a 12Fxx  |2 msc2000 
010 |a  73021824  
040 |a DLC  |c DLC  |d DLC 
859 |h 12  |i W784  |p A-5685  |b BIB. MATEMATICA